Účtovníctvo vo verejnom sektore zbierka príkladov
Gespeichert in:
| 1. Verfasser: | |
|---|---|
| Weitere Verfasser: | , |
| Format: | Buch |
| Sprache: | Slowakisch |
| Veröffentlicht: |
Banská Bystrica
Univerzita Mateja Bela, Ekonomická fakulta v Banskej Bystrici
2013
|
| Schlagworte: | |
| Tags: |
Keine Tags, Fügen Sie das erste Tag hinzu!
|
MARC
| LEADER | 00000nam a2200000 4500 | ||
|---|---|---|---|
| 001 | 0180348 | ||
| 005 | 20240223112400.1 | ||
| 020 | |a 978-80-557-0480-7 | ||
| 041 | 0 | |a slo | |
| 044 | |a SK | ||
| 245 | 1 | 0 | |a Účtovníctvo vo verejnom sektore |b zbierka príkladov |c Zuzana Šuranová, Oľga Ciliková, Anna Harmaniaková |
| 264 | 1 | |a Banská Bystrica |b Univerzita Mateja Bela, Ekonomická fakulta v Banskej Bystrici |c 2013 | |
| 300 | |a 169 s. | ||
| 610 | 2 | 0 | |a účtovníctvo |
| 610 | 2 | 0 | |a sektor verejný |
| 610 | 2 | 0 | |a výdavky rozpočtu štátneho |
| 610 | 2 | 0 | |a príjmy rozpočtu štátneho |
| 610 | 2 | 0 | |a správa štátna |
| 610 | 2 | 0 | |a majetok hmotný |
| 610 | 2 | 0 | |a majetok nehmotný |
| 610 | 2 | 0 | |a bilancie |
| 610 | 2 | 0 | |a závierka účtovná konsolidovaná |
| 610 | 2 | 0 | |a samospráva |
| 610 | 2 | 0 | |a výkazníctvo finančné |
| 100 | 1 | |a Šuranová, Zuzana | |
| 700 | 1 | |a Ciliková, Oľga | |
| 700 | 1 | |a Harmaniaková, Anna | |